000 00667nam a2200181 i 4500
001 146040
003 ES-MaACL
005 20251007171611.0
007 t|
008 071018s1916 ag ||||1| spa d
100 1 _aVelarde, Carlos E.
_9113701
245 1 3 _aLa legislación minera en las repúblicas hispanoamericanas
_b: la propiedad minera : su origen, caracteres y condición resolutoria /
_cCarlos E. Velarde ; prólogo de Joaquín V. González.
260 _aBuenos Aires :
_bCompañía Sudamericana,
_c1916.
300 _a86 p. ;
_c19 cm.
700 1 _aGonzález, Joaquín V.,
_d1863-1923
_958329
852 _aES-MaACL
_jD-2049
999 _c146040
_d146040